| 000 | 00402nam a22001577a 4500 | ||
|---|---|---|---|
| 999 |
_c2062 _d2062 |
||
| 008 | 200212b ||||| |||| 00| 0 eng d | ||
| 082 | 0 | 0 |
_a387.224 _bG813 |
| 100 |
_91658 _aGreenhill, Basil. |
||
| 245 | 1 | 0 |
_aThe merchant schooners, Vol -1 _cby Basil Greenhill |
| 250 | _a1st | ||
| 260 |
_aLondon _bPercival _c1951 |
||
| 300 | _axviii,244p. | ||
| 365 | _d20.10 | ||
| 650 | 0 | _aMerchant Ships | |
| 942 | _cBK | ||